Guess the South American country - Statistics

General Stats
  • This quiz has been taken 48 times
  • The average score is 11 of 14
Answers on the Map
Answers color-coded by a green-red scale on the quiz's map according to % correct below.
 
Answer Stats
Answer % Correct
Brazil
96%
Argentina
93%
Chile
93%
Peru
81%
Falkland Islands
78%
French Guiana
74%
Guyana
74%
Paraguay
74%
Uruguay
74%
Venezuela
74%
Colombia
70%
Ecuador
70%
Bolivia
63%
Suriname
59%
No matching quizzes found
Score Distribution
Percent of People with Each Score
Percentile by Number Answered
Your Score History
You have not taken this quiz